Mughal sequence / (Record no. 154901)

MARC details
000 -LEADER
fixed length control field 00547nam a22001817a 4500
005 - DATE AND TIME OF LATEST TRANSACTION
control field 20180726165006.0
010 ## - LCCN (DPL NO)
LC control number ENG-123640
020 ## - INTERNATIONAL STANDARD BOOK NUMBER
International Standard Book Number 9788192225432
Terms of availability 200.00
035 ## - SYSTEM CONTROL NUMBER
System control number EN-107172
037 ## - SOURCE OF ACQUISITION
Source of stock number/acquisition DBAD/PUB
082 ## - DEWEY DECIMAL CLASSIFICATION NUMBER
Classification number 881.92
100 ## - MAIN ENTRY--PERSONAL NAME
Personal name Thakore, Anand
245 ## - TITLE STATEMENT
Title Mughal sequence /
Statement of responsibility, etc by Anand Thakore
260 ## - PUBLICATION, DISTRIBUTION, ETC. (IMPRINT)
Place of publication, distribution, etc Mumbai
Name of publisher, distributor, etc Poetrywala
Date of publication, distribution, etc 2012
270 ## - ADDRESS
Address 1701/1702, 6A - Whispering Palms, Lokhandwala Township, Kandivali (East),
City Mumbai
Postal code 400101
300 ## - PHYSICAL DESCRIPTION
Extent 71p.
Dimensions 22cm. (pbk)
942 ## - ADDED ENTRY ELEMENTS (KOHA)
Source of classification or shelving scheme Dewey Decimal Classification
Item type English Books
Classification part 881.92
Call number suffix THA
Holdings
Withdrawn status Lost status Not for loan Collection code Home library Current library Date acquired Source of acquisition Cost, normal purchase price Full call number Barcode Copy number Cost, replacement price Koha item type
    Not For Loan Non-fiction D.B.Act.Division Patel Nagar 26/07/2018 DBAD/PUB 200.00 881.92 THA EN-107172 1 200.00 English Books

© Delhi Public Library
Hit Counter
free hit counter